| 000 | 01875nam a2200217Ia 4500 | ||
|---|---|---|---|
| 003 | Ost | ||
| 005 | 20260507074857.0 | ||
| 008 | 260507s9999||||xx |||||||||||||| ||und|| | ||
| 040 | _cfsecg | ||
| 041 | _aara | ||
| 082 | _a327 | ||
| 100 |
_aمهنا، محمد نصر _eمؤلف |
||
| 245 | 0 |
_aالعلاقات الدولية بين العولمة والأمركة / _c محمد نصر مهنا |
|
| 260 |
_aالاسكندرية: _bالمكتب الجامعي الحديث, _c2006 |
||
| 300 |
_a418 صفحة؛ _bإيضاحات ؛ _c25 سم |
||
| 520 | _aيضم ما قبل العولمة في علم العلاقات الدولية، مناهج البحث، مفاهيم أساسية، الامبريالية والاستعمار الجديد، أبعاد علم العلاقات الدولية، الدولة وتاريخ سياسة توازن القوى، الدولة والمنظمات غير الحكومية في الممارسات الدولية، الاستقلال ومبدأ عدم التدخل في الشؤون الداخلية للدول، سياسة توازن القوى، العلاقات الدولية من التقليدية الى المعاصرة: مظاهر ممارسة العلاقات الدولية، السياسة الخارجية، نحو نظام عالمي جديد، الدبلوماسية، التجديد في علم العلاقات الدولية، انهيار القطبية الثنائية ومابعدها، في النظام العالمي الجديد، المتغيرات المعاصرة في العلاقات الدولية، العولمة والأمركة، العولمة بين الفكر والتطبيق، الأمركة وكيفية مواجهتها. | ||
| 653 | _aالعلاقات الإقتصادية الدولية | ||
| 653 | _aالعلاقات الخارجية | ||
| 653 | _aالعولمة | ||
| 942 | _cكتاب | ||
| 999 |
_c41622 _d41622 |
||